Countries With The Slowest Growth Rate - Statistics

General Stats
  • This quiz has been taken 164 times
  • The average score is 11 of 28
Answer Stats
Rank Population Growth Rate Population As Of 2014 Country % Correct
17 0.34 61, 016, 814 Italy
62%
3 0.04 10, 760, 136 Greece
60%
16 0.33 4,691, 845 Norway
60%
1 0.00 832 Vatican City
60%
11 0.22 84, 825 Andorra
59%
5 0.06 5, 259, 250 Finland
57%
9 0.15 10, 760, 305 Portugal
57%
2 0.02 8, 217, 280 Austria
55%
12 0.23 5, 529, 888 Denmark
53%
17 0.34 408, 333 Malta
52%
4 0.05 10, 431, 477 Belgium
50%
7 0.09 5,477, 038 Slovakia
46%
10 0.18 48, 754, 657 South Korea
45%
20 0.44 16, 847, 007 The Netherlands
45%
9 0.15 22,517, 750 Syria
36%
14 0.27 23, 071, 779 Taiwan
36%
15 0.29 2, 994, 667 Albania
35%
11 0.22 2, 077, 328 Macedonia
35%
19 0.37 20, 956 Palau
30%
8 0.14 2,967, 975 Armenia
24%
8 0.14 105, 916 Tonga
23%
11 0.22 72, 969 Dominica
20%
18 0.36 161, 557 St. Lucia
19%
17 0.34 286,705 Barbados
15%
8 0.14 6, 508, 271 Jordan
15%
13 0.25 3, 308, 595 Uruguay
14%
17 0.34 1, 924, 886 Lesotho
10%
15 0.29 6, 071, 744 El Salvador
5%
No matching quizzes found
Score Distribution
Percent of People with Each Score
Percentile by Number Answered
Your Score History
You have not taken this quiz